Código de conducta para funcionarios encargados de hacer cumplir la ley : recopilación de declaraciones, Pactos y Convenciones /
Guardado en:
| Otros Autores: | |
|---|---|
| Formato: | Libro |
| Idioma: | Spanish |
| Publicado: |
Buenos Aires :
Policial,
2004.
|
| Edición: | 1a. ed. |
| Materias: | |
| Etiquetas: |
Agregar Etiqueta
Sin Etiquetas, Sea el primero en etiquetar este registro!
|
| LEADER | 00848nam a22001695a 4500 | ||
|---|---|---|---|
| 001 | DER.der014399 | ||
| 008 | 191108s2004####ag############000#0#spa#d | ||
| 005 | 20241031160818.0 | ||
| 245 | 1 | 0 | |a Código de conducta para funcionarios encargados de hacer cumplir la ley : |b recopilación de declaraciones, Pactos y Convenciones / |c comentado y concordado por el Dr. Luis M. Desimoni. |
| 250 | |a 1a. ed. | ||
| 260 | |a Buenos Aires : |b Policial, |c 2004. | ||
| 300 | |a 158 p. | ||
| 500 | |a En la expresión funcionarios encargados de hacer cumplir la ley se incluye a todos los agentes de la ley, ya sean nombrados o elegidos, que ejercen funciones de policía, especialmente las facultades de arresto o detención. Vol. 356. | ||
| 020 | |a 9509071870 | ||
| 700 | 1 | |a Desimoni, Luis M., |e comp. | |
| 650 | 7 | |a FUNCIONES DE POLICIA | |
| 859 | |a DERECHO |b BIB. DERECHO |h 363.23 |i COD |p 009672 | ||
